[Event "AUTO-MASTER-507"]
[Site "http://www.queenalice.com/game.php?id=390255"]
[Date "2008.4.19"]
[Round "1"]
[White "ClaudioAmodeo"]
[Black "marcelobanes"]
[Result "1-0"]
[WhiteElo "2044"]
[BlackElo "2011"]

1. e4 c5 2. Nf3 e6 3. d4 cxd4 4. Nxd4 a6 5. Nc3 b5 6. a3 Bb7 7. Be2 d6 8. f4 Nd7
9. Bf3 Qc7 10. Be3 Ngf6 11. Qe2 Be7 12. O-O-O O-O 13. g4 Nb6 14. g5 Nfd7 15. f5
e5 16. f6 gxf6 17. Nf5 Nc5 18. gxf6 Bxf6 19. Bh6 Nc4 20. Qg2+ 1-0

[Event "AUTO-MASTER-507"]
[Site "http://www.queenalice.com/game.php?id=390256"]
[Date "2008.4.19"]
[Round "1"]
[White "marcelobanes"]
[Black "ClaudioAmodeo"]
[Result "0-1"]
[WhiteElo "1998"]
[BlackElo "2092"]

1. Nf3 d5 2. e3 Nf6 3. b3 c5 4. Bb2 Nc6 5. Be2 Qc7 6. d4 e6 7. Nbd2 Be7 8. O-O
Bd7 9. a3 cxd4 10. exd4 O-O 11. Bd3 Bd6 12. Qe2 Ng4 13. h3 Nh2 14. Nxh2 Bxh2+
15. Kh1 Bf4 16. Nf3 f6 17. b4 a6 18. c4 Rae8 19. c5 e5 20. dxe5 fxe5 21. Bc2 Nd8
22. Nd2 e4 23. Nb3 Bb5 24. Qd1 Bxf1 25. Qxd5+ Qf7 26. Qxf7+ Nxf7 27. Rxf1 Be5
28. Bc1 Bc3 29. Na5 Nd8 30. Ba4 e3 31. Kg1 e2 0-1

[Event "Challenge"]
[Site "http://www.queenalice.com/game.php?id=393812"]
[Date "2008.4.26"]
[Round "-"]
[White "marcelobanes"]
[Black "shogun"]
[Result "0-1"]
[WhiteElo "1973"]
[BlackElo "2532"]

1. Nf3 c5 2. b3 Nf6 3. Bb2 d5 4. e3 e6 5. d4 Nc6 6. a3 cxd4 7. exd4 Ne4 8. Bd3
Be7 9. O-O f5 10. Ne5 Nxe5 11. dxe5 O-O 12. Nd2 Qb6 13. Nf3 Bc5 14. Qe2 Bd7 15.
b4 a5 16. c3 Be7 17. Rac1 Rfc8 18. Nd4 Bg5 19. f4 axb4 20. axb4 Be7 21. Kh1 Kh8
22. g4 fxg4 23. Qxg4 Ra2 24. Rc2 Bxb4 25. Rg1 Bf8 26. Rgg2 Ba4 27. Bxe4 Bxc2 28.
Bxc2 Qxb2 0-1

[Event "Challenge"]
[Site "http://www.queenalice.com/game.php?id=395063"]
[Date "2008.4.28"]
[Round "-"]
[White "lelinho"]
[Black "marcelobanes"]
[Result "1-0"]
[WhiteElo "2040"]
[BlackElo "2066"]

1. d4 Nf6 2. c4 c5 3. d5 e5 4. Nc3 d6 5. e4 Be7 6. Nf3 O-O 7. Be2 Ne8 8. a3 g6
9. Bh6 Ng7 10. h3 f5 11. exf5 gxf5 12. Nh2 Na6 13. Qd3 Nc7 14. Qg3 Bf6 15. h4
Kh8 16. f4 Rg8 17. Bg5 e4 18. h5 Bd7 19. Qh4 Nge8 20. h6 Bxg5 21. fxg5 Qxg5 22.
Qxg5 Rxg5 23. g4 fxg4 24. Nxe4 Re5 25. Ng3 Nf6 26. O-O-O a6 27. Rhf1 Nce8 28.
Rf4 Rg5 29. Rdf1 Rg6 30. Nh5 Nxh5 31. Rf7 Rd8 32. Bd3 Rf6 33. Rf8+ 1-0

[Event "Challenge"]
[Site "http://www.queenalice.com/game.php?id=395064"]
[Date "2008.4.28"]
[Round "-"]
[White "marcelobanes"]
[Black "lelinho"]
[Result "1-0"]
[WhiteElo "2050"]
[BlackElo "2057"]

1. e4 c5 2. Nf3 d6 3. Bb5+ Bd7 4. Bxd7+ Qxd7 5. O-O g6 6. c3 Bg7 7. d4 cxd4 8.
cxd4 Nf6 9. Nc3 O-O 10. h3 Nc6 11. Be3 Rac8 12. Rc1 a6 13. e5 Ne8 14. Re1 dxe5
15. dxe5 Qe6 16. Bf4 Nc7 17. Qe2 Nd5 18. Bg3 Bh6 19. Rc2 Nxc3 20. Rxc3 Qxa2 21.
e6 fxe6 22. Qxe6+ Qxe6 23. Rxe6 Bg7 24. Rb3 Rxf3 25. Rxf3 Nd4 26. Rxe7 Nxf3+ 27.
gxf3 b5 28. b3 Rc3 29. Rxg7+ Kxg7 30. Be5+ Kf7 31. Bxc3 1-0

[Event "AUTO-ADV-762"]
[Site "http://www.queenalice.com/game.php?id=403444"]
[Date "2008.5.15"]
[Round "2"]
[White "raven225"]
[Black "marcelobanes"]
[Result "0-1"]
[WhiteElo "1767"]
[BlackElo "2070"]

1. e4 c5 2. Nf3 e6 3. Nc3 a6 4. Bc4 b5 5. Be2 Bb7 6. d3 d5 7. exd5 exd5 8. O-O
Bd6 9. d4 c4 10. Be3 Ne7 11. Bg5 f6 12. Bh4 Nd7 13. a3 Qc7 14. Re1 O-O-O 15. Bg3
g5 16. Bxd6 Qxd6 17. Bf1 Nf8 18. Qe2 Re8 19. Qd2 Kb8 20. Rad1 Nfg6 21. a4 b4 22.
Na2 a5 23. c3 b3 24. Nc1 g4 25. Ng5 fxg5 26. Qxg5 Bc8 27. Ne2 h6 28. Qd2 Nh4 29.
Ng3 Bd7 30. Re2 Reg8 31. Rde1 Neg6 32. Kh1 Nf5 33. Nxf5 Bxf5 34. Re3 h5 35. g3
h4 36. Bg2 hxg3 37. fxg3 Nf8 38. Re7 Ne6 39. Rf7 Ng5 40. Rxf5 Qxg3 41. Bxd5 Nf3
42. Bxf3 gxf3 43. Qf4+ Qxf4 44. Rxf4 Rh3 45. Rf1 Rg2 46. Rf8+ Kc7 47. R8xf3
Rhxh2# 0-1

[Event "AUTO-ADV-762"]
[Site "http://www.queenalice.com/game.php?id=403445"]
[Date "2008.5.15"]
[Round "2"]
[White "marcelobanes"]
[Black "raven225"]
[Result "1-0"]
[WhiteElo "2064"]
[BlackElo "1758"]

1. e4 e5 2. Nf3 Nc6 3. Bb5 d6 4. c3 Bg4 5. d4 exd4 6. cxd4 a6 7. Be2 Be7 8. Be3
Nf6 9. Nc3 O-O 10. O-O Re8 11. h3 Bh5 12. a3 Bg6 13. Bc4 b5 14. Bd3 d5 15. e5
Bxd3 16. exf6 Bxf1 17. fxe7 Rxe7 18. Qxf1 Na5 19. Qd3 Nc4 20. Bc1 Qd6 21. b3
Rae8 22. Kf1 Qh2 23. Bg5 Qh1+ 24. Ng1 Nd6 25. Bxe7 Rxe7 26. Nxd5 Re6 27. Ne3 Rg6
28. Re1 Qh2 29. g3 Rf6 30. Ng4 Rxf2+ 31. Nxf2 1-0

[Event "AUTO-ADV-762"]
[Site "http://www.queenalice.com/game.php?id=403448"]
[Date "2008.5.15"]
[Round "2"]
[White "umdoistresredondoredondo"]
[Black "marcelobanes"]
[Result "0-1"]
[WhiteElo "1816"]
[BlackElo "2051"]

1. e4 c5 2. Nc3 Nc6 3. Nf3 e5 4. b3 d6 5. Bb2 g6 6. Nd5 Bg7 7. Bc4 Nh6 8. c3 O-O
9. Qe2 a6 10. O-O-O b5 11. Bd3 Bd7 12. c4 Qa5 13. Kb1 Kh8 14. Nh4 Nd4 15. Bxd4
exd4 16. f4 Rfb8 17. f5 Ng8 18. fxg6 fxg6 19. Rhf1 Qa3 20. Nf4 bxc4 0-1

[Event "AUTO-ADV-762"]
[Site "http://www.queenalice.com/game.php?id=403449"]
[Date "2008.5.15"]
[Round "2"]
[White "marcelobanes"]
[Black "umdoistresredondoredondo"]
[Result "1-0"]
[WhiteElo "2044"]
[BlackElo "1825"]

1. e4 e5 2. Nf3 Nc6 3. Bb5 Nf6 4. d3 Bc5 5. O-O O-O 6. Bxc6 dxc6 7. Nxe5 Qd6 8.
Nc4 Qe6 9. Be3 Bxe3 10. Nxe3 Bd7 11. f4 Rad8 12. f5 Qe5 13. Nc3 Qd4 14. Qf3 Ng4
15. Qxg4 Qxe3+ 16. Kh1 g6 17. Rf3 Qb6 18. Rb1 Kh8 19. Qh4 gxf5 20. Qf6+ 1-0

[Event "AUTO-ADV-762"]
[Site "http://www.queenalice.com/game.php?id=403450"]
[Date "2008.5.15"]
[Round "2"]
[White "rsgaspar"]
[Black "marcelobanes"]
[Result "0-1"]
[WhiteElo "1815"]
[BlackElo "2011"]

1. e4 c5 2. Nf3 e6 3. c3 d6 4. Bb5+ Bd7 5. Qa4 Bxb5 6. Qxb5+ Qd7 7. Qb3 Nf6 8.
d3 Nc6 9. Bg5 Be7 10. Nbd2 O-O 11. O-O Rab8 12. h3 b5 13. a3 a5 14. Qc2 b4 15.
Rab1 Rfc8 16. cxb4 axb4 17. Nc4 h6 18. Bh4 Ne8 19. Bxe7 Qxe7 20. Qd2 Nc7 21.
Rfe1 Nb5 22. axb4 Nxb4 23. d4 Nxd4 24. Nxd4 cxd4 25. e5 Rxc4 26. Qd3 Rbc8 27.
Qb3 dxe5 28. Rxe5 Nd5 29. Rbe1 Qb4 30. Qf3 Rc1 31. Kf1 Ne3+ 32. fxe3 Qxe1# 0-1

[Event "AUTO-ADV-762"]
[Site "http://www.queenalice.com/game.php?id=403451"]
[Date "2008.5.15"]
[Round "2"]
[White "marcelobanes"]
[Black "rsgaspar"]
[Result "1-0"]
[WhiteElo "2019"]
[BlackElo "1807"]

1. e4 e5 2. Nf3 Nc6 3. Bb5 d6 4. c3 Bd7 5. O-O a6 6. Ba4 b5 7. Bc2 h6 8. a4 Na7
9. axb5 Nxb5 10. d4 exd4 11. Nxd4 Be7 12. f4 c5 13. Nf3 f6 14. e5 dxe5 15. Bg6+
Kf8 16. fxe5 Be8 17. Qc2 Bxg6 18. Qxg6 Qe8 19. Qe4 Nc7 20. Nh4 Ne6 21. Ng6+ Kf7
22. Nxh8+ Kf8 23. Ng6+ Kf7 24. Be3 Ng5 25. e6+ Nxe6 26. Nh8+ Kf8 27. Qxe6 h5 28.
Nd2 Rd8 29. Rxa6 Rd7 30. Rfa1 Rd8 31. Qf5 Rd6 32. Ng6+ Kf7 33. Ne4 Rd7 34. Ng5#
1-0

[Event "AUTO-OPEN-929"]
[Site "http://www.queenalice.com/game.php?id=410195"]
[Date "2008.5.30"]
[Round "2"]
[White "marcelobanes"]
[Black "lebaracaldoAlucard"]
[Result "1-0"]
[WhiteElo "2060"]
[BlackElo "1699"]

1. e4 c5 2. Nf3 a6 3. c4 g6 4. d4 b6 5. Nc3 Bg7 6. Be2 cxd4 7. Nxd4 Bb7 8. Be3
d6 9. Nd5 Bxd5 10. cxd5 Nf6 11. Qa4+ b5 12. Bxb5+ Nbd7 13. Bd3 a5 14. O-O O-O
15. Nc6 Nb6 16. Qb5 1-0

[Event "AUTO-OPEN-929"]
[Site "http://www.queenalice.com/game.php?id=410196"]
[Date "2008.5.30"]
[Round "2"]
[White "lebaracaldoAlucard"]
[Black "marcelobanes"]
[Result "0-1"]
[WhiteElo "1697"]
[BlackElo "2062"]

1. e4 c5 2. Nf3 e6 3. d4 cxd4 4. Nxd4 a6 5. Be3 Qc7 6. a3 Nf6 7. Nc3 Nc6 8. Nxc6
bxc6 9. Bc4 d5 10. exd5 cxd5 11. Bb3 Bd6 12. Ba4+ Kf8 13. g3 Bb7 14. O-O e5 15.
Bg5 d4 16. Ne2 Ne4 0-1

[Event "AUTO-OPEN-929"]
[Site "http://www.queenalice.com/game.php?id=410197"]
[Date "2008.5.30"]
[Round "2"]
[White "marcelobanes"]
[Black "theblackfox"]
[Result "1-0"]
[WhiteElo "2068"]
[BlackElo "1707"]

1. e4 e5 2. Nf3 Nc6 3. Bb5 Nf6 4. d3 Bc5 5. O-O O-O 6. Bxc6 dxc6 7. Nxe5 Bd4 8.
Nf3 Re8 9. h3 a5 10. Nxd4 c5 11. Nf3 b5 12. Bg5 h6 13. Be3 Ba6 14. Bxc5 a4 15.
a3 c6 16. Nbd2 Nd7 17. Be3 c5 18. Re1 c4 19. d4 Nf6 20. e5 Nd5 21. c3 Bb7 22.
Ne4 f5 23. Nd6 Re6 24. Nxb7 Qb8 25. Nd6 Nxe3 26. fxe3 g5 27. Nh2 Qf8 28. Qh5 Ra7
29. g4 fxg4 30. Rf1 Qg7 31. Nxg4 Ree7 32. Rf6 Rad7 33. Nxh6+ Kh8 34. Nhf5+ Qh7
35. Rf8# 1-0

[Event "AUTO-OPEN-929"]
[Site "http://www.queenalice.com/game.php?id=410198"]
[Date "2008.5.30"]
[Round "2"]
[White "theblackfox"]
[Black "marcelobanes"]
[Result "0-1"]
[WhiteElo "1711"]
[BlackElo "2058"]

1. e4 c5 2. Nf3 e6 3. Bb5 a6 4. Ba4 b5 5. Nc3 bxa4 6. Nxa4 d6 7. O-O Be7 8. d4
cxd4 9. Qxd4 Nc6 10. Qc3 Bd7 11. Bf4 Nf6 12. Be3 O-O 13. Nb6 Rb8 14. a4 Rxb6 15.
Bxb6 Qxb6 16. Ng5 h6 17. Nf3 Nxe4 18. Qd3 Nf6 19. b3 Rc8 20. h4 Nb4 21. Qd2 Rxc2
22. a5 Qb7 23. Nd4 Rxd2 24. Nf3 Rd3 25. Ne1 Rxb3 26. Nf3 Rxf3 27. gxf3 Qxf3 28.
Rab1 Bc6 0-1

[Event "AUTO-MASTER-489"]
[Site "http://www.queenalice.com/game.php?id=442835"]
[Date "2008.8.2"]
[Round "2"]
[White "jhetro"]
[Black "marcelobanes"]
[Result "0-1"]
[WhiteElo "1938"]
[BlackElo "2107"]

1. c4 e5 2. Nc3 Nf6 3. Nf3 Nc6 4. g3 Bc5 5. Bg2 O-O 6. O-O d6 7. d3 a6 8. Bg5 h6
9. Bxf6 Qxf6 10. Ne4 Qe7 11. Nxc5 dxc5 12. Qb3 Rb8 13. Rae1 Nd4 14. Nxd4 cxd4
15. e3 dxe3 16. Rxe3 Qd6 17. Rfe1 Re8 18. Qc3 Bf5 19. d4 f6 20. c5 Qf8 21. dxe5
fxe5 22. Rxe5 Rxe5 23. Qxe5 c6 24. Qc7 Bg6 25. Re7 Rc8 26. Qxb7 Rb8 27. Rxg7+
Kh8 28. Qxb8 Qxb8 29. Rxg6 Qxb2 0-1

[Event "AUTO-MASTER-489"]
[Site "http://www.queenalice.com/game.php?id=442836"]
[Date "2008.8.2"]
[Round "2"]
[White "marcelobanes"]
[Black "jhetro"]
[Result "1-0"]
[WhiteElo "2100"]
[BlackElo "1948"]

1. e4 c5 2. Nf3 d6 3. Bb5+ Nd7 4. O-O e5 5. c3 Nf6 6. d4 exd4 7. cxd4 Nxe4 8.
dxc5 Nxc5 9. Re1+ Ne6 10. Ng5 Qf6 11. Nc3 Be7 12. Nd5 Qf5 13. Rxe6 fxe6 14. Nc7+
Kf8 15. Ncxe6+ Kg8 16. Bc4 d5 17. g4 Qe5 18. Bf4 Qxb2 19. Bxd5 Nf6 20. Nc7+ Kf8
21. Rb1 Bxg4 22. Qd3 Qa3 23. Bb3 Qb4 24. h3 Rc8 25. hxg4 Bc5 26. Bf7 Qxb1+ 27.
Qxb1 Rxc7 28. Bxc7 1-0

[Event "AUTO-MASTER-489"]
[Site "http://www.queenalice.com/game.php?id=442839"]
[Date "2008.8.2"]
[Round "2"]
[White "marcelobanes"]
[Black "Francisco"]
[Result "1-0"]
[WhiteElo "2059"]
[BlackElo "2256"]

1. e4 c6 2. d4 d5 3. e5 Bf5 4. Bd3 Bxd3 5. Qxd3 e6 6. f4 Ne7 7. Nc3 Nf5 8. Nce2
Qb6 9. Nf3 c5 10. c3 Nc6 11. g4 Nh6 12. h3 cxd4 13. Nexd4 Nxd4 14. Nxd4 Bc5 15.
O-O O-O-O 16. b4 Be7 17. Be3 a6 18. a4 Kd7 19. a5 Qc7 20. Rfd1 Rc8 21. Rac1 Qc4
22. Qb1 Bf8 23. Kf2 g6 24. Nf3 Ng8 25. Rd4 Qb5 26. c4 Qxb4 27. cxd5 Qxb1 28.
dxe6+ Kxe6 29. Rxb1 Rc7 30. Ng5+ Ke7 31. Rdb4 1-0

[Event "AUTO-MASTER-489"]
[Site "http://www.queenalice.com/game.php?id=442840"]
[Date "2008.8.2"]
[Round "2"]
[White "Francisco"]
[Black "marcelobanes"]
[Result "0-1"]
[WhiteElo "2244"]
[BlackElo "2083"]

1. d4 Nf6 2. Nf3 e6 3. Bg5 Be7 4. Nbd2 b6 5. e4 Bb7 6. Bd3 h6 7. Bh4 d6 8. c4 c5
9. d5 e5 10. O-O g5 11. Bg3 Nbd7 12. a3 Nf8 13. b4 Ng6 14. bxc5 bxc5 15. Rb1 Bc8
16. Bc2 h5 17. h3 g4 18. hxg4 Bxg4 19. Ba4+ Kf8 20. Bc6 Rc8 21. Qa4 h4 22. Bh2
Nh5 23. Qxa7 Kg7 24. Rb3 Kh6 25. Rfb1 h3 26. gxh3 Bxh3 27. Nxe5 dxe5 28. Rxh3
Rxc6 29. dxc6 Qxd2 30. c7 Qd7 31. Rhb3 Rc8 32. Qa6 Kh7 33. Kh1 Rxc7 34. Qb5 Qg4
0-1

[Event "AUTO-OPEN-929"]
[Site "http://www.queenalice.com/game.php?id=444931"]
[Date "2008.8.7"]
[Round "3"]
[White "marcelobanes"]
[Black "pony"]
[Result "1/2-1/2"]
[WhiteElo "2104"]
[BlackElo "2119"]

1. e4 Nc6 2. d4 d5 3. e5 Bf5 4. g4 Be4 5. f3 Bg6 6. Nh3 e6 7. Nf4 Qh4+ 8. Ke2
Qe7 9. h4 f6 10. exf6 gxf6 11. Kf2 Bf7 12. Bb5 Qd6 13. Nc3 O-O-O 14. Nfe2 e5 15.
a3 Nh6 16. b4 e4 17. Bf4 Qd7 18. Qg1 exf3 19. Kxf3 Rg8 20. g5 Bh5+ 21. Kf2 Nf7
22. Qh2 fxg5 23. hxg5 Bg6 24. Bd3 Bg7 25. Bxg6 hxg6 26. Rad1 Nd6 27. Bxd6 Qxd6
28. Qxd6 Rxd6 29. Rd3 Rd7 30. Nd1 Rf7+ 31. Kg2 Re8 32. Ne3 Ref8 33. Rf1 Rxf1 34.
Nxf1 Rf5 35. c3 Rxg5+ 36. Nfg3 Bf8 37. Kh3 Nd8 38. Re3 Kd7 39. Kh4 Bh6 40. Rf3
Ke7 41. Ng1 Nf7 42. Nh3 Rxg3 43. Kxg3 Ng5 44. Nxg5 Bxg5 45. a4 Bd2 46. Kf2 g5
47. Rd3 Bf4 48. Kf3 Kd6 49. Kg4 Ke6 50. Rd1 Kd7 51. Kf5 Kd6 52. Rf1 Bd2 53. Rf3
Bc1 54. Rf2 Bf4 55. Rc2 Be3 56. c4 Bxd4 57. Rd2 c5 58. bxc5+ Kxc5 59. cxd5 Kxd5
60. Kxg5 b6 61. Rc2 a6 62. Kf5 Be3 63. Kf6 Bc5 64. Kf7 Bb4 65. Ke8 b5 66. axb5
axb5 67. Rb2 Kc4 68. Kd7 Bc3 69. Rxb5 1/2-1/2

[Event "AUTO-OPEN-929"]
[Site "http://www.queenalice.com/game.php?id=444932"]
[Date "2008.8.7"]
[Round "3"]
[White "pony"]
[Black "marcelobanes"]
[Result "1-0"]
[WhiteElo "2102"]
[BlackElo "2074"]

1. e4 c5 2. Nf3 e6 3. b3 Nc6 4. Bb5 Nge7 5. Bb2 Qb6 6. Bxc6 dxc6 7. O-O Bd7 8.
Na3 Ng6 9. d3 f6 10. e5 f5 11. Re1 O-O-O 12. Ng5 Be7 13. Nf7 Rdf8 14. Nc4 Qc7
15. Nxh8 Nxh8 16. Qh5 h6 17. a4 g5 18. Nd6+ Kb8 19. Qxh6 g4 20. Rad1 Nf7 21.
Nxf7 Rxf7 22. Bc1 Bc8 23. Qf4 Rh7 24. Qc4 Qd8 25. d4 Qh8 26. Bf4 Bg5 27. Bxg5
Rxh2 28. Kf1 Qh5 29. Bf4 g3 30. fxg3 Rh1+ 31. Kf2 Rh2 32. dxc5 Qh3 33. Rg1 1-0

[Event "Challenge"]
[Site "http://www.queenalice.com/game.php?id=481721"]
[Date "2008.10.23"]
[Round "-"]
[White "marcelobanes"]
[Black "Carlos75"]
[Result "0-1"]
[WhiteElo "2101"]
[BlackElo "2572"]

1. Nf3 Nf6 2. b3 d5 3. Bb2 e6 4. d4 c5 5. e3 Nc6 6. Bd3 Be7 7. O-O O-O 8. Nbd2
cxd4 9. exd4 Nh5 10. g3 Qc7 11. a3 Nf6 12. Ne5 Qb6 13. c3 Nd7 14. Qe2 Ncxe5 15.
dxe5 f6 16. exf6 Bxf6 17. h4 e5 18. Bf5 Nc5 19. Bc2 e4 20. Kg2 Bf5 21. f4 exf3+
22. Nxf3 Rae8 23. Qd1 Bxc2 0-1

[Event "Challenge"]
[Site "http://www.queenalice.com/game.php?id=481722"]
[Date "2008.10.23"]
[Round "-"]
[White "Carlos75"]
[Black "marcelobanes"]
[Result "1-0"]
[WhiteElo "2564"]
[BlackElo "2102"]

1. e4 c5 2. Nf3 e6 3. Nc3 a6 4. d4 cxd4 5. Nxd4 d6 6. Be3 Nf6 7. Bd3 b5 8. O-O
Be7 9. a4 b4 10. Na2 d5 11. e5 Nfd7 12. f4 g6 13. Qe1 a5 14. c3 Na6 15. Nc6 Qc7
16. Nxe7 Kxe7 17. cxb4 axb4 18. Nxb4 Nac5 19. Rc1 Rxa4 20. Bb5 1-0

[Event "Challenge"]
[Site "http://www.queenalice.com/game.php?id=481723"]
[Date "2008.10.23"]
[Round "-"]
[White "marcelobanes"]
[Black "Gambitshark"]
[Result "0-1"]
[WhiteElo "2103"]
[BlackElo "2645"]

1. Nf3 Nf6 2. d4 g6 3. c4 Bg7 4. Nc3 O-O 5. e4 d6 6. Be2 e5 7. d5 a5 8. h3 Nh5
9. g4 Nf4 10. Bxf4 exf4 11. Qd2 Nd7 12. O-O-O a4 13. Nd4 a3 14. b3 Qh4 15. Qe1
Nc5 16. f3 Qf6 17. Qd2 Bd7 18. h4 Rfc8 19. g5 Qe5 20. Bf1 Qxd4 21. Qxd4 Bxd4 22.
Rxd4 Nxb3+ 23. axb3 a2 24. Nxa2 Rxa2 25. Rd2 Rca8 26. Rb2 Ra1+ 27. Kc2 f5 28.
Bg2 fxe4 29. fxe4 Bg4 30. Rhb1 Rxb1 31. Kxb1 Re8 32. Rf2 f3 33. Bxf3 Rf8 0-1

[Event "Challenge"]
[Site "http://www.queenalice.com/game.php?id=481724"]
[Date "2008.10.23"]
[Round "-"]
[White "Gambitshark"]
[Black "marcelobanes"]
[Result "1-0"]
[WhiteElo "2644"]
[BlackElo "2104"]

1. e4 c5 2. Nf3 e6 3. d4 cxd4 4. Nxd4 a6 5. Nc3 d6 6. Be3 Nf6 7. Be2 Be7 8. Qd2
O-O 9. O-O-O b5 10. Bf3 Ne8 11. e5 d5 12. Nf5 Bb7 13. Nxd5 exd5 14. Bxd5 Nc6 15.
Be4 Bb4 16. c3 Qc7 17. Qd7 Rc8 18. Nh6+ Kh8 19. Qh3 gxh6 20. Qf5 f6 21. Rd7 Qxd7
22. Qxd7 Rc7 23. Qh3 fxe5 24. Qxh6 Nf6 25. Bb6 Rcf7 26. Bxc6 1-0